00244nam a22000857a 4500003000400000082001200004100002900016245010400045260000900149SGT a150,YOG aYogita Solanki-211001002 aConstruction and Validation of the Psychological Well Being Scale for the Secondary School Students c2021